00348pab a2200145 454500008004000000100002100040245002800061260000900089300000900098362001100107650003200118650002100150650001200171773001900183180718b2002 xxu||||| |||| 00| 0 eng d aBarro, Robert J. aThe bad news on poverty c2002 ap.6. a12 May aIndia - Economic conditions a Poverty - India aPoverty aEconomic Times